00557aab a2200205a 44500008003900000017001800039020001500057041000800072080001000080100001900090245005100109245001900160250001000179260002200189260006400211260000900275300001800284500002500302650002400327940513s1988 cat aP.M.-823-1988 a8450552133 acat a373.3 aAbrines, Tomeu aCanya: Vocabulari bàsic per al cicle mitjà cTomeu Abrines a2a ed aPalma de Mallorca bGovern Balear. Conselleria de Cultura, Educació i Esports c1988 a127 p.c30 cm aRelligat amb espiral aensenyament primari